Cartografía de una tangente /

Bibliographic Details
Main Author: Mellado López, Yago (Author)
Other Authors: Pérez Azaústre, Joaquín, 1976- (contributor agent of text.)
Format: Electronic eBook
Language:Spanish
Published: Granada : Esdrújula Ediciones, [2016]
Series:Colección Diástole (Granada, Spain) ; 06.
Subjects:
Online Access:Digitalia Hispánica

MARC

LEADER 00000nam a2200000Ii 4500
001 DIGULZM0015
003 NyNyDIG
006 m o d
007 cr |||||||||||
008 240108s2016 sp o 000 p spa d
035 |a (OCoLC)1007183134 
040 |a DGITA  |b eng  |e rda  |e pn  |c DGITA 
020 |a 9788416485369  |q eBook 
020 |z 9788416485352 
050 1 4 |a PQ6713.E4525 ebook 
100 1 |a Mellado López, Yago,  |e author. 
245 1 0 |a Cartografía de una tangente /  |c Yago Mellado ; prólogo de Joaquín Pérez Azaústre. 
264 1 |a Granada :  |b Esdrújula Ediciones,  |c [2016] 
300 |a 1 online resource. 
336 |a text  |b txt  |2 rdacontent 
337 |a computer  |b c  |2 rdamedia 
338 |a online resource  |b cr  |2 rdacarrier 
347 |a text file  |2 rdaft 
347 |b EPUB 
490 1 |a Colección Diástole ;  |v 06 
588 0 |a Online resource; title from ePub title page (Digitalia, viewed January 8, 2024) 
655 7 |a Poetry.  |2 lcgft 
700 1 |a Pérez Azaústre, Joaquín,  |d 1976-  |e contributor agent of text. 
791 2 |a Digitalia (Firm),  |e distributor. 
793 0 |g Digitalia eBook Collection:  |a Ulzama 
776 0 8 |i Print version:  |a Mellado López, Yago.  |t Cartografía de una tangente.  |d Granada : Esdrújula Ediciones, [2016]  |z 9788416485352 
830 0 |a Colección Diástole (Granada, Spain) ;  |v 06. 
856 4 0 |3 Digitalia Hispánica  |u https://www.digitaliapublishing.com/a/88662/ 
910 |a Premium collection: 2024